| 000 | 00000nam##2200000za#4500 |
| 001 | 9.672639 |
| 003 | CaOODSP |
| 005 | 20210615131026 |
| 007 | ta |
| 008 | 150407|2011||||xxc||||| f|0| 0 eng|d |
| 020 | |a978-1-100-52668-3 |
| 040 | |aCaOODSP|beng |
| 041 | |aeng |
| 041 | |afre |
| 043 | |an-cn--- |
| 086 | 1 |aHS28-19/2011 |
| 110 | 1 |aCanada. |bHuman Resources and Skills Development Canada. |
| 245 | 10|aCanada Learning Bond : |bget $500 for your child's future |
| 260 | |aGatineau - Quebec : |bHuman Resources and Skills Development Canada |cc2011. |
| 300 | |aEnglish text, 8p. : |bphotographs ; |c22 cm. |
| 563 | |aPamphlet |
| 590 | |a11-18|b2011-05-06 |
| 690 | 07|aEducational funding|2gcpds |
| 776 | 0#|tLe Bon d'études canadien : |w(CaOODSP)9.638285 |
| 776 | 0#|tCanada Learning Bond : |w(CaOODSP)9.694104 |
| 792 | |tBon d'études canadien : |efre|w(CaOODSP)9.672640 |
| 986 | |aLC-114-01-11 |